00373 a2200109 4500001001000000005001700010008004100027245007500068100002600143700002500169773006900194ART_4833720260410161607.0260409a 10aPlan de negocios. Marco conceptual. Resolución técnica (FACPCE) 491 aFaccendini, Yanina C.1 aOubiña, Gabriel H.0 tProfesional & Empresariag- Año XX, Nº 233 (feb. 2019)wREV70